ARRUPE JESUIT UNIVERSITY

CORONAVIRUS -STOP THE SPREAD - CLEAN,DISINFECT,COVER

The Oxford handbook of Aristotle / (Record no. 129979)

MARC details
000 -LEADER
fixed length control field 00911cam a2200265 a 4500
001 - CONTROL NUMBER
control field 16870959
003 - CONTROL NUMBER IDENTIFIER
control field ARRUPE
005 - DATE AND TIME OF LATEST TRANSACTION
control field 20191112111449.0
008 - FIXED-LENGTH DATA ELEMENTS--GENERAL INFORMATION
fixed length control field 110714s2012 enk b 001 0 eng
010 ## - LIBRARY OF CONGRESS CONTROL NUMBER
LC control number 2011030064
020 ## - INTERNATIONAL STANDARD BOOK NUMBER
International Standard Book Number 9780195187489 (alk. paper)
040 ## - CATALOGING SOURCE
Original cataloging agency DLC
Transcribing agency DLC
Modifying agency DLC
042 ## - AUTHENTICATION CODE
Authentication code pcc
050 00 - LIBRARY OF CONGRESS CALL NUMBER
Classification number B485
Item number .O94 2012
082 00 - DEWEY DECIMAL CLASSIFICATION NUMBER
Classification number 185
Edition number 23
300 ## - PHYSICAL DESCRIPTION
Dimensions 26 cm.
245 04 - TITLE STATEMENT
Title The Oxford handbook of Aristotle /
Statement of responsibility, etc edited by Christopher Shields.
260 ## - PUBLICATION, DISTRIBUTION, ETC. (IMPRINT)
Place of publication, distribution, etc Oxford ;
-- New York :
Name of publisher, distributor, etc Oxford University Press,
Date of publication, distribution, etc c2012.
300 ## - PHYSICAL DESCRIPTION
Extent xx, 710 p. ;
504 ## - BIBLIOGRAPHY, ETC. NOTE
Bibliography, etc Includes bibliographical references (p. [691]-695) and index.
600 00 - SUBJECT ADDED ENTRY--PERSONAL NAME
Personal name Aristotle.
9 (RLIN) 48531
700 1# - ADDED ENTRY--PERSONAL NAME
Personal name Shields, Christopher John.
9 (RLIN) 48532
906 ## - LOCAL DATA ELEMENT F, LDF (RLIN)
a 7
b cbc
c orignew
d 1
e ecip
f 20
g y-gencatlg
942 ## - ADDED ENTRY ELEMENTS (KOHA)
Source of classification or shelving scheme Library of Congress Classification
Koha item type Monograph ( Printed materials)
Holdings
Withdrawn status Lost status Source of classification or shelving scheme Damaged status Not for loan Collection code Home library Current library Shelving location Date acquired Total Checkouts Full call number Barcode Date last seen Date checked out Price effective from Koha item type
    Library of Congress Classification     Main Collection ARRUPE LIBRARY ARRUPE LIBRARY Main Collection 12/11/2019 3 B485 .O94 2012 46600005766 31/10/2023 05/10/2023 12/11/2019 Monograph ( Printed materials)

 

Arrupe Library. PO Box MP320 Mt Pleasant, Harare, Zimbabwe
263 242 745411|librarian@aju.ac.zw